000 00559nam a2200169 i 4500
001 78464
003 ES-MaACL
005 20230906173718.0
007 t|
008 041014s1960 sp ||||1| spa d
100 1 _aHagmanier, George.
_961462
245 1 0 _aOrientaciones actuales de SicologĂ­a pastoral
_b: técnicas modernas y conflictos emocionales /
_cpor George Hagmanier y Robert W. Gleason.
260 _aSantander :
_bSal Terrae,
_c1960.
300 _a508 p. ;
_c19 cm.
700 1 _aGleason, Robert W.
_957421
852 _aES-MaACL
_jC-20214
_bR.48502
999 _c78464
_d78464